Guidance on negotiating options and leases for renewable energy schemes (Record no. 116236)

MARC details
000 -LEADER
fixed length control field 01299cad a22002895a 4500
001 - CONTROL NUMBER
control field L160124
005 - DATE AND TIME OF LATEST TRANSACTION
control field 20260324120729.0
008 - FIXED-LENGTH DATA ELEMENTS--GENERAL INFORMATION
fixed length control field 110822s2018 xxk f 000 0 eng d
020 ## - INTERNATIONAL STANDARD BOOK NUMBER
International Standard Book Number 9781783213092
035 ## - SYSTEM CONTROL NUMBER
System control number (Sirsi) u160124
041 0# - LANGUAGE CODE
Language code of text/sound track or separate title eng
110 2# - MAIN ENTRY--CORPORATE NAME
Corporate name or jurisdiction name as entry element Royal Institution of Chartered Surveyors
9 (RLIN) 4900
245 00 - TITLE STATEMENT
Title Guidance on negotiating options and leases for renewable energy schemes
Medium [electronic resource]
250 ## - EDITION STATEMENT
Edition statement 2 ed
260 ## - PUBLICATION, DISTRIBUTION, ETC.
Place of publication, distribution, etc. London
Name of publisher, distributor, etc. RICS
Date of publication, distribution, etc. 2018
490 ## - SERIES STATEMENT
Series statement RICS Professional Standard
520 ## - SUMMARY, ETC.
Summary, etc. Provides guidance to chartered surveyors acting on behalf of landowners in relation to the negotiation of options and leases for schemes, across the full array of renewable energy technologies currently being rolled out across the UK.
520 ## - SUMMARY, ETC.
Summary, etc. This document was originally published in June 2018 as an RICS guidance note and reissued in March 2023 as an RICS professional standard
590 ## - LOCAL NOTE (RLIN)
Local note KA
651 #4 - SUBJECT ADDED ENTRY--GEOGRAPHIC NAME
Geographic name United Kingdom
690 ## - LOCAL SUBJECT ADDED ENTRY--TOPICAL TERM (OCLC, RLIN)
Topical term or geographic name as entry element Land use
9 (RLIN) 6251
690 ## - LOCAL SUBJECT ADDED ENTRY--TOPICAL TERM (OCLC, RLIN)
Topical term or geographic name as entry element Rural
9 (RLIN) 6268
690 ## - LOCAL SUBJECT ADDED ENTRY--TOPICAL TERM (OCLC, RLIN)
Topical term or geographic name as entry element Energy
9 (RLIN) 6237
690 ## - LOCAL SUBJECT ADDED ENTRY--TOPICAL TERM (OCLC, RLIN)
Topical term or geographic name as entry element Landlord and tenant
9 (RLIN) 6252
856 ## - ELECTRONIC LOCATION AND ACCESS
Uniform Resource Identifier <a href="https://www.rics.org/content/dam/ricsglobal/documents/standards/negotiating_options_and_leases_for_renewable_energy_schemes_2nd_rics.pdf">https://www.rics.org/content/dam/ricsglobal/documents/standards/negotiating_options_and_leases_for_renewable_energy_schemes_2nd_rics.pdf</a>
Link text Available via RICS.org
942 ## - ADDED ENTRY ELEMENTS (KOHA)
Suppress in OPAC 0
Source of classification or shelving scheme Dewey Decimal Classification
Holdings
Withdrawn status Lost status Damaged status Not for loan Home library Current library Shelving location Date acquired Total Checkouts Full call number Date last seen Copy number Price effective from Koha item type
        Virtual Virtual Online 29/06/2018   ONLINE PUBLICATOIN 24/03/2026 1 06/08/2019 Online material